[Event "IV Copa Marcel Duchamp 2020"]
[Site "Montevideo"]
[Date "2020.02.09"]
[Round "3.8"]
[White "Diaz Hollemaert, Nahuel"]
[Black "Muniz, Rafael"]
[Result "1-0"]
[WhiteElo "2450"]
[BlackElo "2232"]
[Annotator "TA"]
[PlyCount "117"]
[EventDate "2020.02.08"]
[EventType "swiss"]
[EventCountry "URU"]
[SourceTitle "playchess.com"]
[Source "ChessBase"]
[SourceQuality "1"]

{[%evp 9,117,14,20,14,33,22,26,-14,-15,-8,-6,-4,-14,-16,0,-46,-33,-37,-25,-69,-67,-74,-65,-91,-107,-103,-95,-135,-111,-130,-132,-176,-104,-102,0,-166,-177,-192,-179,-359,-200,-200,-198,-196,-189,-200,-204,-184,-106,-109,-43,-39,-48,-44,-39,-46,-40,-35,-35,-112,-91,-97,-90,-94,4,4,32,16,16,16,16,16,25,25,25,27,15,20,25,8,68,11,10,9,254,87,273,8,8,8,5490,5490,5490,4775,29977,29978,29978,29979,29979,29980,29979,29981,29981,29982,29982,29983,29983,29984,29984,0]} 1. c4 e5 2. Nc3 Nc6 3. g3 Bc5 4. Bg2 a6 5. a3 Ba7 6. e3 {A25: English Opening vs King's Indian with ...Nc6 but without early d3.} d6 7. Nge2 h5 8. h3 {White has an edge.} h4 9. g4 f5 10. gxf5 Bxf5 11. d3 {[#]} Nge7 $146 ({Predecessor:} 11... Qd7 12. b4 Nf6 13. Bb2 Rb8 14. Rc1 O-O 15. Nd5 Nd8 16. Nec3 Nh7 17. Ne4 Qf7 {0-1 (60) Suba,M (2322)-Galvan,J (2216) Sueca 2015}) 12. Nd5 Nxd5 (12... Qd7 {keeps more tension.} 13. Qb3 O-O-O 14. Bd2 Rdf8 15. O-O-O g5) 13. cxd5 Ne7 14. Qb3 O-O $36 {[%mdl 2048] Black has some pressure.} 15. Bd2 Qe8 16. Rc1 Bb6 $1 17. Rg1 Qg6 18. Rc4 Bd7 ({Don't take} 18... Bxd3 19. Rg4 $15) 19. a4 {next a5 is good for White.} a5 20. Qc2 Qf7 (20... Qf6 $19 21. Rf1 Qg6) 21. Rf1 $17 Qg6 (21... Qf6 $17 22. Qb3 Rae8) 22. Be4 $2 (22. Rg1 $1 $11) 22... Qf6 $1 $19 23. Bg2 {[#]} Rf7 $1 24. Nc3 $2 (24. Rxc7 Bxc7 25. Qxc7 Bxa4 26. Qxb7) 24... Raf8 (24... Qg5 $142 25. Rg1 {[#]} Bxh3 $1 {[%mdl 576] Pin}) 25. Qd1 {intending Qh5.} Qg5 26. Rg4 Bxg4 27. Qxg4 Qxg4 28. hxg4 c6 (28... g5 $19 29. Ne4 Rg7) 29. Ne4 $17 cxd5 (29... Nxd5 $17 {White must now prevent ...Bc5.} 30. Nxd6 Rd7) 30. Nxd6 $15 Rf6 {[#]} 31. Nf5 $1 {[%cal Rf5e7][%mdl 512]} Nxf5 32. Bxd5+ Kh8 33. gxf5 Rxf5 34. Rh1 (34. Bxb7 $15 R5f6 35. Ke2) 34... g5 35. Rh2 Kg7 36. Bxb7 g4 (36... Rb8 $17 37. Be4 Rf7) 37. Rxh4 $11 Rg5 (37... Rxf2 {with more complications.} 38. Rxg4+ Kh6 39. Rh4+ Kg7 40. Rh1 Bc5) 38. Be4 {Black should prevent Ke2.} (38. Kf1 {is more complex.} g3 39. f4 Bd8 40. Bc3 g2+ 41. Kg1) 38... Rh8 39. Rxh8 Kxh8 {[%mdl 4096] Endgame KRB-KB} 40. Kf1 Kg7 41. Kg2 Kf6 42. b4 axb4 43. Bxb4 g3 44. a5 Ba7 (44... gxf2+ $11 45. Kxf2 Ba7) 45. f4 ({White should play} 45. fxg3 $14 Bxe3 46. Kf3) 45... exf4 46. exf4 {Hoping for Bc3+.} Rg4 $2 (46... Rb5 $1 $11 {and Black is okay.} 47. Bc3+ Ke7) 47. Bd6 $2 (47. Bc3+ $18 {and the rest is easy.} Ke6 48. Be5) 47... Bf2 $2 (47... Bd4 $16) 48. f5 $2 (48. a6 $18 {aiming for Be5+.} Ba7 49. Be5+ Ke6 50. d4) 48... Rg7 49. a6 Ra7 $2 {[%mdl 8192]} (49... Bd4 $11) 50. Bb7 $18 Kxf5 51. Bxg3 Bxg3 52. Kxg3 {KR-KB. White mates.} Ke5 53. Kf3 Kd4 54. Ke2 Kc5 55. Ke3 Kb6 56. Kd4 Rxb7 57. axb7 Kxb7 58. Kd5 Kc7 59. Ke4 $2 {[%mdl 32768] Accuracy: White = 62%, Black = 60%. . Sensor Board Error (Ke4/e5)?} (59. Ke6 {mates} Kd8 60. d4 Kc7 61. d5 Kd8 62. Kd6 Ke8 63. Kc7 Kf7 64. d6) 1-0

[Event "IV Copa Marcel Duchamp 2020"]
[Site "Montevideo"]
[Date "2020.02.09"]
[Round "3.9"]
[White "Meza, Anahi"]
[Black "Liascovich, Lucas"]
[Result "0-1"]
[WhiteElo "2046"]
[BlackElo "2425"]
[Annotator "TA"]
[PlyCount "57"]
[EventDate "2020.02.08"]
[EventType "swiss"]
[EventCountry "URU"]
[SourceTitle "playchess.com"]
[Source "ChessBase"]
[SourceQuality "1"]

{[%evp 16,57,12,0,-3,-112,-112,-108,-116,-109,-106,-98,-99,-105,-107,-87,-90,-93,-79,-99,-52,-75,-62,-66,-52,-72,-53,-52,-59,-66,-62,-150,-152,-141,-140,-135,-143,-295,-283,-283,-281,-352,-353,-384]} 1. d4 d5 2. c4 dxc4 3. Nf3 Nf6 4. e3 Bg4 5. Bxc4 e6 6. O-O a6 7. a4 Nc6 8. Nc3 Bd6 9. Be2 O-O {D24: Queen's Gambit Accepted: 3 Nf3 Nf6 4 Nc3.} 10. e4 (10. h3 $11 Bh5 11. b3) 10... Bxf3 $1 $17 11. Bxf3 {[#] Hoping for e5.} Nxd4 $1 {[%mdl 512] Black is better.} 12. Be3 {[#]} (12. Qxd4 Bxh2+) 12... e5 $146 ({Predecessor:} 12... Be5 13. Bxd4 Qxd4 14. Qb3 Qa7 15. Rfd1 Rad8 16. g3 h6 17. Qc4 c6 18. a5 Rd4 19. Rxd4 Bxd4 {0-1 (54) Kozenkov,V (2091)-Shushpanov,V (2375) St Petersburg 2010}) 13. Bxd4 exd4 14. Nd5 c6 15. Nxf6+ Qxf6 16. g3 Rad8 {White must now prevent ...d3!} 17. Qd3 g5 18. Bg2 Kh8 19. Rad1 Be5 20. Qb3 b5 21. axb5 axb5 22. Rd3 Qd6 23. Bh3 (23. Rd2 $15) 23... c5 $1 {[%cal Rc5c4] aiming for ...c4.} 24. Qxb5 Rb8 25. Qc4 {[#]} Rb4 $1 {[%cal Rb4c4]} 26. Qd5 $2 {[#]} (26. Qc1 $17) 26... Qxd5 $1 $19 ({Resist} 26... Rxb2 27. Rc1 $17) 27. exd5 c4 ({Don't play} 27... Rxb2 28. Rc1 $17) 28. Rd2 d3 29. Bg4 {Accuracy: White = 56%, Black = 94%.} 0-1

[Event "IV Copa Marcel Duchamp 2020"]
[Site "Montevideo"]
[Date "2020.02.09"]
[Round "3.10"]
[White "Dotta, Gian Franco"]
[Black "Hungaski, Robert"]
[Result "0-1"]
[WhiteElo "2000"]
[BlackElo "2504"]
[Annotator "TA"]
[PlyCount "76"]
[EventDate "2020.02.08"]
[EventType "swiss"]
[EventCountry "URU"]
[SourceTitle "playchess.com"]
[Source "ChessBase"]
[SourceQuality "1"]

{[%evp 10,76,4,-1,10,8,8,-10,0,0,0,0,0,-9,8,-6,6,0,7,0,8,0,232,237,229,230,264,260,253,261,238,225,215,147,166,76,183,163,138,99,101,-70,-70,-90,-81,-127,-125,-140,-133,-145,-131,-128,-110,-119,0,-35,-39,-896,-894,-895,-897,-850,-837,-764,-672,-12829,-12829,-743,-655]} 1. e4 e6 2. d4 d5 3. Nc3 Bb4 4. exd5 exd5 5. a3 Bxc3+ 6. bxc3 Ne7 {C01: French: Exchange Variation.} 7. Bd3 Bf5 8. Bf4 O-O {The position is equal.} 9. Nf3 Nbc6 10. O-O Qd7 11. Re1 {[#]} f6 $146 ({Predecessor:} 11... Rae8 12. Rb1 Na5 13. Ne5 Qc8 14. h3 b6 15. Bh2 f6 16. Ng4 Bxd3 17. cxd3 Nf5 18. Qf3 c6 {½-½ (35) Palladino,M (2184)-Jahn,P (2124) ICCF email 2015}) 12. c4 Bxd3 13. Qxd3 dxc4 14. Qxc4+ Nd5 15. Bd2 Nd8 $2 (15... Qf7 $11) 16. Bb4 $1 $18 b5 17. Qb3 Nc6 {[%cal Bd8c6,Bc6a5,Ba5c4][%mdl 32]} 18. Bxf8 Na5 19. Qd3 Rxf8 20. Re4 Nc4 21. Rae1 a5 22. a4 (22. g3 $18 {is more deadly.}) 22... c6 (22... Nd6 $16 {is a better defense.}) 23. Nd2 Nd6 24. Rh4 g5 25. Rh6 $2 ({White must play} 25. Rh3 $1 $16) 25... Nf4 $15 26. Qb3+ Kg7 {And now ...bxa4 would win.} 27. g3 bxa4 $1 28. Qf3 Kxh6 $40 {[%mdl 128] Black is out for blood.} 29. gxf4 g4 30. Qa3 Rd8 31. Qxa4 {[#]} Qf5 (31... Nf5 $1 $17 {Hoping for ...Nh4.} 32. c3 Nh4) 32. Qxc6 Qxf4 {[%mdl 64] Double Attack} 33. Ne4 $2 {[%mdl 8192] [#]} (33. Qb6 $15 Qxd2 {[%mdl 64] Double Attack} 34. Rf1) 33... Re8 $1 $19 {[%cal Rd6e4] Black is clearly winning.} 34. Qc7 Rxe4 {[%mdl 64] Overworked Piece} 35. Rxe4 Qc1+ ({Not} 35... Qxe4 36. Qxd6 Kg6 37. Qc5 $15) 36. Kg2 Nxe4 37. Qxa5 Qxc2 38. Qf5 Qxf2+ {Played: Qc2-e2} 0-1

[Event "IV Copa Marcel Duchamp 2020"]
[Site "Montevideo"]
[Date "2020.02.09"]
[Round "3.11"]
[White "Roselli Mailhe, Bernardo"]
[Black "El Ters, Antouan"]
[Result "1-0"]
[WhiteElo "2433"]
[BlackElo "2189"]
[Annotator "TA"]
[PlyCount "82"]
[EventDate "2020.02.08"]
[EventType "swiss"]
[EventCountry "URU"]
[SourceTitle "playchess.com"]
[Source "ChessBase"]
[SourceQuality "1"]

{[%evp 25,82,27,35,23,30,16,16,8,18,15,16,14,7,10,14,0,0,0,22,21,23,0,26,0,0,0,21,18,50,52,60,49,74,58,97,87,96,95,133,151,137,59,62,62,59,58,61,33,47,33,33,-15,60,53,137,121,512,505,606]} 1. d4 Nf6 2. c4 e6 3. Nf3 b6 4. a3 Bb7 5. Nc3 Be7 6. Qc2 d5 7. cxd5 Nxd5 8. e4 Nxc3 9. bxc3 Nd7 10. Bd3 c5 11. O-O cxd4 12. cxd4 Rc8 13. Qe2 O-O 14. Bb2 {E12: Queen's Indian: Unusual White 4th moves, 4 a3, 4 Nc3 Bb7 5 a3 and 4 Nc3 Bb7 .} Qc7 15. Qe3 Rfd8 {[#]} 16. h3 $146 {The position is equal.} ({Predecessor:} 16. Rad1 Qd6 17. Rfe1 a6 18. d5 exd5 19. e5 Qh6 20. Qxh6 gxh6 21. Bf5 Rc7 {1-0 (52) Pappier,C (2409)-De Souza,O (2376) ICCF email 2007}) 16... Nf8 17. Rfc1 Qd7 18. a4 Rxc1+ 19. Qxc1 Rc8 20. Qd2 Ng6 21. a5 Qc7 22. axb6 axb6 23. Re1 Qf4 24. Qe3 Qxe3 25. fxe3 Bb4 26. Rb1 Ba5 27. Kf2 f6 28. Ke2 Kf7 29. Nd2 Ra8 30. Rc1 {[#] And now Rc7+ would win.} Rc8 31. Nc4 {Threatens to win with Nd6+.} Ke7 32. Ba3+ Kd7 33. Rb1 (33. g3 $16) 33... Bxe4 $1 $14 34. Nxb6+ Bxb6 35. Bxe4 Rb8 36. Rc1 f5 37. Bc6+ Kd8 $1 38. d5 exd5 (38... Bxe3 $1 $11 39. Kxe3 Rb3+ {[%mdl 64] Double Attack} 40. Kd4 Rxa3) 39. Bxd5 Bc7 {[#]} (39... f4 $14) 40. Rd1 $1 $16 {Strongly threatening Bb7+.} f4 $2 {[%mdl 8192]} (40... Be5 $16 {is a better chance.} 41. Be6+ Ke8 42. Bxf5 Ra8) 41. Bb7+ $18 Bd6 {Accuracy: White = 81%, Black = 66%.} 1-0

[Event "IV Copa Marcel Duchamp 2020"]
[Site "Montevideo"]
[Date "2020.02.09"]
[Round "3.12"]
[White "Munoz Perez, Rolando"]
[Black "Coppola, Claudio"]
[Result "1-0"]
[WhiteElo "2130"]
[BlackElo "2314"]
[Annotator "TA"]
[PlyCount "96"]
[EventDate "2020.02.08"]
[EventType "swiss"]
[EventCountry "URU"]
[SourceTitle "playchess.com"]
[Source "ChessBase"]
[SourceQuality "1"]

{[%evp 16,96,56,45,93,43,56,63,55,22,175,62,63,52,66,55,64,57,58,53,77,53,54,37,37,39,53,51,32,43,50,47,40,15,40,28,25,0,0,-1,9,-17,10,14,29,89,61,20,19,0,18,19,59,-38,-22,-52,-35,-182,-49,-46,-45,-148,-162,-169,-68,-93,-57,-317,139,142,261,139,542,547,560,560,539,520,440,440,29997,29998,29998]} 1. d4 Nf6 2. Nf3 c5 3. d5 g6 4. c4 Bg7 5. Nc3 O-O 6. e4 d6 7. Bd3 e6 8. O-O exd5 9. exd5 Re8 {E90: King's Indian: Classical: Early deviations and 6 h3.} 10. Bf4 Nh5 11. Bg5 f6 {White is slightly better.} 12. Be3 {[#]} Na6 $146 (12... Bg4 $11) ({Predecessor:} 12... Bg4 13. h3 Bxf3 14. Qxf3 Bf8 15. g4 Ng7 16. Qg3 Qd7 17. h4 f5 18. h5 fxg4 19. hxg6 {1-0 (30) Dubiel,L (1918)-Kaniak,J (1942) Rewal 2007}) 13. h3 (13. Nh4 $1 $18 {[%cal Rh4g6] And now Nxg6! would win.} f5 14. Nxf5 $1 {[%mdl 512]}) 13... f5 $14 14. Re1 Nc7 15. Qb3 Rb8 16. Bg5 Rxe1+ 17. Rxe1 Nf6 18. Qc2 Bd7 19. Qe2 Qf8 20. Qe7 Re8 21. Bxf6 Rxe7 22. Bxe7 Qc8 23. Bxd6 Ne8 {[%cal Bc7e8,Be8d6,Bd6f7,Bf7e5][%mdl 32]} 24. Be5 Bf8 25. b3 Qd8 26. Re2 Nd6 27. Bf4 Nf7 28. Ne5 Bg7 29. Nxd7 Qxd7 30. Nb5 g5 31. Bd2 Ne5 32. Bc2 a6 {[%cal Ba7a6,Ba6b5,Bb5b4][%mdl 32]} 33. Nc3 b5 34. cxb5 (34. Bxg5 $14 bxc4 35. bxc4) 34... axb5 $15 35. a4 b4 $36 {[%mdl 3072] Black has compensation. Black fights for an advantage.} 36. Nd1 (36. Nb5 $15) 36... h6 (36... Qxd5 37. Ne3 $14) ({Better is} 36... f4 $19 37. Be4 f3 $1 {[%mdl 512]}) 37. Ne3 $1 {[%cal Re3f5]} f4 38. Bf5 (38. Nf5 $15) 38... Qb7 $17 39. Be6+ Kf8 (39... Kh8 $1 $19 {aiming for ...Qa6.} 40. Ng4 Nxg4 41. Bxg4 (41. hxg4 Qa6 $17) 41... Qxd5) 40. Nf5 $15 Qa6 41. Re4 $2 {[%mdl 8192] [#]} (41. Bxb4 $1 $15 Qxe2 42. Bxc5+ Ke8 43. Nxg7+ Kd8 44. Bb6+ Ke7 45. Nf5+ Ke8 46. a5 (46. Nxh6 $2 Nd3 $17)) 41... Qd3 $2 {[#]} ({Black should try} 41... Bf6 $1 $19 {...h5 is the strong threat.} 42. Be1 Qd3 {[%mdl 64] Double Attack} 43. Bxb4 cxb4 44. Rxb4 Nf7) 42. Bxb4 $1 $16 {[%mdl 512]} cxb4 (42... Qb1+ $16 43. Re1 Qc2) 43. Rxb4 $18 {[%cal Rb4b8]} Nd7 $2 {[%mdl 8192]} (43... Nc6 $16 44. dxc6 Be5) 44. Rb7 ({Not} 44. Bxd7 Be5 $14) 44... Be5 {( -> ...Qd1+)} 45. Rxd7 {[%cal Rd7d8]} Qd1+ 46. Kh2 {[%cal Rd7d8]} f3+ 47. g3 {[%cal Rd7d8]} Bf6 (47... Ke8 $18 48. Ra7 Qxb3) 48. Rf7+ {[%mdl 64] Double Attack} Ke8 {Accuracy: White = 53%, Black = 56%.} 1-0

[Event "IV Copa Marcel Duchamp 2020"]
[Site "Montevideo"]
[Date "2020.02.09"]
[Round "3.13"]
[White "Siddeley, Hugh"]
[Black "Michailov, Matias"]
[Result "1-0"]
[WhiteElo "1974"]
[BlackElo "2262"]
[Annotator "ChessBase"]
[PlyCount "49"]
[EventDate "2020.02.08"]
[EventType "swiss"]
[EventCountry "URU"]
[SourceTitle "playchess.com"]
[Source "ChessBase"]
[SourceQuality "1"]
[TimeControl "5400+30"]

1. d4 {[%emt 0:00:00]} Nf6 {[%emt 0:01:50]} 2. Bf4 {[%emt 0:00:00]} g6 {[%emt 0:01:46]} 3. e3 {[%emt 0:00:08]} Bg7 {[%emt 0:00:14]} 4. h3 {[%emt 0:01:54]} O-O {[%emt 0:00:43]} 5. Nf3 {[%emt 0:00:11]} d6 {[%emt 0:01:59]} 6. Be2 {[%emt 0:00:10]} Nbd7 {[%emt 0:03:41]} 7. O-O {[%emt 0:00:14]} Qe8 {[%emt 0:05:42]} 8. c3 {[%emt 0:05:31]} e5 {[%emt 0:01:12]} 9. Bh2 {[%emt 0:00:06]} Qe7 {[%emt 0:02:17]} 10. a4 {[%emt 0:00:44]} Ne4 {[%emt 0:06:40]} 11. Nbd2 {[%emt 0:04:40]} Nxd2 {[%emt 0:01:22]} 12. Nxd2 {[%emt 0:00:54]} f5 {[%emt 0:00:37]} 13. a5 {[%emt 0:05:10]} a6 {[%emt 0:05:07]} 14. b4 {[%emt 0:02:13]} Nf6 {[%emt 0:02:43]} 15. b5 {[%emt 0:09:00]} axb5 {[%emt 0:09:30]} 16. Qb3+ {[%emt 0:03:45]} Kh8 {[%emt 0:05:38]} 17. Qxb5 {[%emt 0:00:19]} Nd7 {[%emt 0:13:40]} 18. Bf3 {[%emt 0:13:37]} e4 {[%emt 0:03:57]} 19. Bd1 {[%emt 0:00:55]} g5 {[%emt 0:01:15]} 20. Bc2 {[%emt 0:00:59]} Nf6 {[%emt 0:04:30]} 21. Rfe1 {[%emt 0:09:36]} Qf7 {[%emt 0:03:08]} 22. f3 {[%emt 0:03:50]} exf3 {[%emt 0:03:43]} 23. Nxf3 {[%emt 0:03:38]} Bh6 {[%emt 0:00:31]} 24. Qe2 {[%emt 0:00:30]} g4 {[%emt 0:00:30]} 25. Nd2 {[%emt 0:10:20]} 1-0

[Event "IV Copa Marcel Duchamp 2020"]
[Site "Montevideo"]
[Date "2020.02.09"]
[Round "3.14"]
[White "Amura, Claudia"]
[Black "Pinero, Ismael"]
[Result "1-0"]
[WhiteElo "2245"]
[BlackElo "1914"]
[Annotator "TA"]
[PlyCount "79"]
[EventDate "2020.02.08"]
[EventType "swiss"]
[EventCountry "URU"]
[SourceTitle "playchess.com"]
[Source "ChessBase"]
[SourceQuality "1"]

{[%evp 15,79,42,54,59,108,108,108,102,106,102,102,95,102,104,107,92,113,120,122,103,113,113,139,106,153,118,131,127,204,203,341,175,251,240,261,202,354,308,316,319,380,331,443,448,452,445,416,368,447,163,186,170,639,643,603,612,1448,1392,2790,2511,29988,29989,29990,29991,29991,29991]} 1. d4 Nf6 2. c4 g6 3. Nc3 Bg7 4. e4 d6 5. Be2 O-O 6. Bg5 c6 7. Nf3 Nbd7 8. O-O e5 9. d5 {E94: King's Indian: Classical: 6 Be2 e5 7 0-0: Various Black 7th moves.} c5 10. Qd2 a6 11. a3 {[#] White is better.} b6 $146 ({Predecessor:} 11... Rb8 12. h3 Qe8 13. Rfe1 b6 14. a4 a5 15. Nh2 Kh8 16. Bg4 Ba6 17. b3 Nxg4 18. Nxg4 f5 19. exf5 gxf5 20. Nh2 Qg6 21. f3 h6 {½-½ (21) Neumann,H (1809)-Fleischer,M (1926) Buesum 2017}) 12. b4 Qc7 13. Ne1 Re8 14. Rb1 Rb8 15. Rb3 Nf8 16. Nc2 N6d7 17. Ne3 f6 18. Bh4 Bh6 19. Rfb1 Kf7 20. Na4 {[%cal Bc3a4,Ba4b2,Bb2c4][%mdl 32]} b5 21. Nb2 cxb4 (21... Kg8 $16 22. Qc2 Bxe3) 22. axb4 $18 f5 (22... Qb6 $142 23. Qd3 Bb7) 23. f3 (23. exf5 $142 {Strongly threatening Rc3.} Kg7 24. Rc3) 23... bxc4 (23... Kg8 {was worth a try.} 24. Qc3 (24. exf5 gxf5 25. Rc3 bxc4 $14) 24... a5) 24. Nbxc4 Nb6 {aiming for ...Nxc4.} 25. Na5 Na4 $2 (25... Kg8 26. Qd3 Bf4) 26. Bf2 fxe4 27. fxe4 Nd7 28. Rc1 Qxa5 29. bxa5 Rxb3 30. Bd1 Rb2 31. Rc2 Rb1 32. Qe2 $2 (32. Rc7) 32... Ndc5 {[#] ...Kg8 would now be nice for Black.} 33. Nc4 $1 {[%cal Rc4d6]} Nxe4 $2 (33... Bf8) 34. Qxe4 Rxd1+ 35. Be1 Ke7 36. Qh4+ {[%mdl 64] Double Attack} g5 37. Qxh6 {[%mdl 64] White threatens Qg7+ and mate. Double Attack} Rxe1+ {[#]} 38. Kf2 $1 {[%mdl 512] White mates.} Ra1 39. Qg7+ Kd8 40. Nxd6 {[%mdl 64] Double Attack. Accuracy: White = 65%, Black = 42%.} 1-0

[Event "IV Copa Marcel Duchamp 2020"]
[Site "Montevideo"]
[Date "2020.02.09"]
[Round "3.15"]
[White "Aguilar Samper, Valentin"]
[Black "Larrea, Manuel"]
[Result "0-1"]
[WhiteElo "1946"]
[BlackElo "2243"]
[Annotator "ChessBase"]
[PlyCount "120"]
[EventDate "2020.02.08"]
[EventType "swiss"]
[EventCountry "URU"]
[SourceTitle "playchess.com"]
[Source "ChessBase"]
[SourceQuality "1"]
[TimeControl "5400+30"]

1. d4 {[%emt 0:00:08]} Nf6 2. g3 g6 {[%emt 0:07:12]} 3. Bg2 {[%emt 0:00:16]} Bg7 {[%emt 0:00:06]} 4. Nf3 {[%emt 0:00:06]} O-O {[%emt 0:00:09]} 5. O-O d6 {[%emt 0:00:06]} 6. c4 {[%emt 0:00:21]} Nc6 {[%emt 0:00:27]} 7. Nc3 {[%emt 0:00:19]} a6 {[%emt 0:00:06]} 8. Re1 {[%emt 0:00:08]} Rb8 {[%emt 0:01:39]} 9. Rb1 {[%emt 0:00:09]} b5 {[%emt 0:07:55]} 10. cxb5 {[%emt 0:00:18]} axb5 {[%emt 0:00:05]} 11. b4 {[%emt 0:00:14]} e6 {[%emt 0:04:37]} 12. e4 {[%emt 0:06:24]} Ne7 {[%emt 0:05:12]} 13. Nd2 {[%emt 0:17:23]} Nd7 {[%emt 0:03:10]} 14. Nb3 {[%emt 0:04:39]} Ba6 {[%emt 0:12:59]} 15. Qc2 {[%emt 0:08:41]} Nc6 {[%emt 0:11:26]} 16. Nd5 {[%emt 0:13:36]} Bb7 {[%emt 0:10:49]} 17. Nxc7 {[%emt 0:05:35]} Qxc7 {[%emt 0:11:52]} 18. d5 {[%emt 0:01:11]} Nde5 {[%emt 0:01:44]} 19. dxc6 {[%emt 0:08:11]} Qxc6 {[%emt 0:00:23]} 20. Qe2 {[%emt 0:11:37]} Qc4 {[%emt 0:02:16]} 21. Na5 {[%emt 0:01:13]} Qxe2 {[%emt 0:00:45]} 22. Rxe2 {[%emt 0:00:06]} Ba8 {[%emt 0:00:14]} 23. Bb2 {[%emt 0:03:26]} Rfc8 {[%emt 0:04:41]} 24. Rd1 {[%emt 0:03:20]} Bf8 {[%emt 0:02:31]} 25. a3 {[%emt 0:05:38]} Nc4 {[%emt 0:01:59]} 26. Nxc4 {[%emt 0:00:15]} bxc4 {[%emt 0:01:40]} 27. Rc2 {[%emt 0:01:58]} f5 {[%emt 0:03:03]} 28. Rd4 {[%emt 0:05:19]} c3 {[%emt 0:03:43]} 29. Bxc3 {[%emt 0:02:03]} Bg7 {[%emt 0:00:29]} 30. Rxd6 {[%emt 0:00:28]} Rxc3 {[%emt 0:02:24]} 31. Rxc3 {[%emt 0:00:13]} Bxc3 {[%emt 0:00:04]} 32. exf5 {[%emt 0:01:50]} exf5 {[%emt 0:00:27]} 33. Rd3 {[%emt 0:00:33]} Bf6 {[%emt 0:01:09]} 34. Rb3 {[%emt 0:00:36]} Kf7 {[%emt 0:00:37]} 35. b5 {[%emt 0:00:38]} Ke6 {[%emt 0:00:15]} 36. a4 {[%emt 0:00:21]} Bxg2 {[%emt 0:00:47]} 37. Kxg2 {[%emt 0:00:04]} Kd5 {[%emt 0:00:08]} 38. Rd3+ {[%emt 0:00:55]} Bd4 {[%emt 0:00:18]} 39. Kf3 {[%emt 0:00:41]} Kc4 {[%emt 0:00:59]} 40. Rd2 {[%emt 0:00:15]} Ra8 {[%emt 0:00:19]} 41. g4 {[%emt 0:00:46]} fxg4+ {[%emt 0:00:20]} 42. Kxg4 {[%emt 0:00:05]} Rxa4 {[%emt 0:00:15]} 43. Kg5 {[%emt 0:00:32]} Ra3 {[%emt 0:00:31]} 44. h4 {[%emt 0:00:26]} Rf3 {[%emt 0:01:00]} 45. Rc2+ {[%emt 0:00:59]} Kxb5 {[%emt 0:00:53]} 46. Kg4 {[%emt 0:00:28]} Rf5 {[%emt 0:00:40]} 47. f3 {[%emt 0:00:30]} h5+ {[%emt 0:00:25]} 48. Kg3 {[%emt 0:00:06]} Be5+ {[%emt 0:00:10]} 49. Kg2 {[%emt 0:00:06]} Bf6 {[%emt 0:00:22]} 50. Kg3 {[%emt 0:00:14]} Rc5 {[%emt 0:00:15]} 51. Rd2 {[%emt 0:01:33]} Kc6 {[%emt 0:00:49]} 52. Ra2 {[%emt 0:00:13]} Be5+ {[%emt 0:00:37]} 53. Kh3 {[%emt 0:00:37]} Kd5 {[%emt 0:00:32]} 54. Ra6 {[%emt 0:00:41]} Bd6 {[%emt 0:00:24]} 55. Ra8 {[%emt 0:00:33]} Ke6 {[%emt 0:00:25]} 56. Re8+ {[%emt 0:00:21]} Kf6 {[%emt 0:00:35]} 57. Re3 {[%emt 0:00:35]} Rc2 {[%emt 0:00:41]} 58. f4 {[%emt 0:00:22]} Rc4 {[%emt 0:00:10]} 59. Rb3 {[%emt 0:00:40]} Bxf4 {[%emt 0:00:35]} 60. Rb6+ {[%emt 0:00:23]} Ke5 0-1

[Event "IV Copa Marcel Duchamp 2020"]
[Site "Montevideo"]
[Date "2020.02.09"]
[Round "3.16"]
[White "Carbone, Diego"]
[Black "Benoit, Rodrigo"]
[Result "1-0"]
[WhiteElo "2239"]
[BlackElo "2170"]
[Annotator "TA"]
[PlyCount "79"]
[EventDate "2020.02.08"]
[EventType "swiss"]
[EventCountry "URU"]
[SourceTitle "playchess.com"]
[Source "ChessBase"]
[SourceQuality "1"]

{[%evp 13,79,33,27,28,44,44,36,14,15,12,18,11,15,0,7,-7,4,0,0,0,0,0,0,0,0,0,0,0,13,13,13,13,8,9,66,-37,-40,-18,0,0,0,0,0,0,0,0,0,0,14,0,67,43,131,122,115,28,26,24,56,70,210,210,210,206,200,188,953,951]} 1. d4 f5 2. g3 Nf6 3. Bg2 g6 4. Nf3 Bg7 5. O-O O-O 6. b3 Ne4 7. Bb2 d5 8. c4 {A81: Dutch Defence: 2 g3.} Be6 9. cxd5 Bxd5 10. Nc3 {White is slightly better.} Nxc3 11. Bxc3 {[#]} e6 $146 ({Predecessor:} 11... Nc6 12. e3 Qd6 13. Qe2 h6 14. Rfd1 Kh7 15. h4 e6 16. Bf1 a5 17. Nd2 a4 {½-½ (30) Pytel,K (2295)-Haub,T (2397) Rochefort 2017}) 12. Rc1 Nd7 13. Bd2 c6 14. Bf4 h6 15. Qd2 g5 16. Bd6 Re8 17. Rfd1 a5 18. Ne5 Nf6 19. Bc5 Bxg2 20. Kxg2 Ne4 21. Qe3 Nf6 22. Kg1 Nd5 23. Qd3 Qc7 (23... Bxe5 $11 24. dxe5 Qc7) 24. e4 (24. Nc4 $1 $14) 24... fxe4 $15 25. Qxe4 {[#] Qg6 is the strong threat.} Bxe5 26. dxe5 Qh7 27. Qg4 Qf5 28. Qh5 Kg7 29. Rc4 {[%cal Bc1c4,Bc4g4,Bg4f4,Bf4f5][%mdl 32]} Rad8 30. Bd6 Qf7 31. Qe2 Ne7 (31... Qf5 $11) 32. h4 {Strongly threatening hxg5.} Nf5 ({Better is} 32... Nd5 $14) 33. Rg4 $36 {[%mdl 2048] Keeping Black busy.} Qg6 34. f4 (34. b4 $16) 34... Kh7 35. Qf3 {[%cal Rf4g5]} Rd7 36. fxg5 h5 ({Black should try} 36... Rg8 $14) 37. Rf4 $18 Red8 38. Rf1 Kg7 39. Qc3 Ra8 $2 {[#]} (39... Kh7 40. Kh2 Rc8) 40. Rxf5 {Accuracy: White = 87%, Black = 70%.} 1-0